| 000 | 00409nam a2200157Ia 4500 | ||
|---|---|---|---|
| 999 |
_c506940 _d506940 |
||
| 008 | 181130s2018 xx 000 0 und d | ||
| 100 |
_aShah, Kamini _96623 |
||
| 245 | _aA study on women empowerment through financial literacy | ||
| 260 | _c2018 | ||
| 300 | _ap.16-24. | ||
| 650 |
_aWomen _96624 |
||
| 650 |
_aWomen empowerment _96625 |
||
| 773 | _aUniversity News | ||
| 906 | _aWomen | ||
| 942 |
_2ddc _cAR |
||